000 00196nam a22000737a 4500
008 140617b xxu||||| |||| 00| 0 eng d
020 _cAvailable
245 _aJournal of Fluid Mechanics vol 710 Nov
_cWorster
999 _c24615
_d24615